00644nam a2200205Ia 4500003000900000008004100009020001800050040001600068080001800084100002500102245005300127260003500180300001000215650004100225650002600266650002300292942000700315999001500322952010100337IN-BaIIA211028s9999 xx 000 0 eng d a0-12-500650-0 cIIA Library a523.9-71bBIO aMitsui, Akira910243 0aBiological solar energy conversioncAkira Mitsui aNew YorkbAcademic Pressc1977 a469p. aAstronomy and astrophysics thesaurus aPhotosynthesis910244 aSolar energy93295 cBK c5914d5914 00104070aBANbBANcGENd1978-08-18l0o523.9-71/ BIOp6610r2021-11-05w1978-08-18yBK 18.50